Géographie à 5 lettres n°2 - Statistiques

Statistiques générales
  • Ce quiz a été pris 455 fois
  • Le résultat moyen est 13 sur 20
Statistiques - réponses
Hint 5 lettres % Correct
La plus grande ville de France Paris
99%
Capitale du Japon Tokyo
97%
Le plus grand pays d'Asie Chine
96%
"Le pays du soleil-levant" Japon
94%
Capitale du Maroc Rabat
92%
Pays de Beyrouth Liban
91%
Pays de Doha Qatar
87%
2ème plus grande ville d'Italie Milan
85%
Capitale du Sénégal Dakar
84%
Capitale du Bangladesh Dacca
79%
État de Dallas et Fort Worth Texas
76%
Le plus long fleuve en Inde Gange
67%
La plus grande ville du Nigéria Lagos
61%
La plus petite ville française qui a un métro Lille
55%
"Pays" de Lhassa (région autonome) Tibet
55%
Fleuve de Bagdad Tigre
53%
Pays de François «Papa Doc» Duvalier Haiti
37%
Capitale de la république du Tatarstan, Russie Kazan
18%
Nice en allemand Nizza
15%
2ème plus grande ville de Finlande Espoo
7%
Aucun quiz correspondant
Distribution des résultats
% des personnes avec chaque résultat
Percentile par nombre de réponses
Votre historique - résultats
Vous n’avez pas pris ce quiz